00234nam a2200085Ia 4500001000800000005001700008008004100025245005500066260002700121125050220251031150857.0251031s9999 xx 000 0 und d 0cHATİCE KÜBRA TONGARaI-1 ALLAH'IM BEN GELDİM bHAYY KİTAP YAYINLARI